| 000 | 01225cam a2200277 a 4500 | ||
|---|---|---|---|
| 001 | 000014523 | ||
| 005 | 20200929163850.0 | ||
| 008 | 940920s1986 ve ab 000 0 spa d | ||
| 020 | _a0917049152 | ||
| 040 |
_aDO-SdBNP _bspa _cLC _dBNPHU |
||
| 050 | 0 | 0 |
_aHD6530.5 _b.F67 1986 |
| 082 |
_ann* _bF723m |
||
| 245 | 0 | 3 |
_aLa formación en el movimiento de los trabajadores de América Latina : _bmanual para los responsables de formacion de la CLAT / _cequipo de responsables de formacion de la Central Latinoamericana de Trabajadores, CLAT ; prólogo Emilio Maspero ; introducción Rodolfo Romero. |
| 260 |
_aCaracas : _bUniversidad de los Trabajadores de América Latina, _c1986. |
||
| 300 |
_a2 v. : _bil., maps. ; _c22 cm. |
||
| 490 | 1 |
_aUTAL ; _pFormación |
|
| 505 | 0 |
_gv. 1. _tTeoría -- _gv. 2. _tEl sistema de formación de la CLAT. |
|
| 650 | 0 |
_aLabor unions and education _zLatin America. _932854 |
|
| 650 | 0 |
_aWorking class _xEducation _zLatin America. _932855 |
|
| 700 | 1 |
_aMaspero, Emilio, _epról. _932856 |
|
| 700 | 1 |
_aRomero, Rodolfo, _eintrod. _932857 |
|
| 710 | 0 |
_aCentral Latinoamericana de Trabajadores. _932858 |
|
| 830 | 0 |
_aUTAL ; _pFormación _932859 |
|
| 910 | _aCatalogación por copia / LC | ||
| 049 | _aBNGR | ||
| 999 |
_c14112 _d14112 |
||